Chilagane Chiphya : (Record no. 45314)
[ view plain ]
| 000 -LEADER | |
|---|---|
| fixed length control field | 00705nam a22002057a 4500 |
| 003 - CONTROL NUMBER IDENTIFIER | |
| control field | OSt |
| 005 - DATE AND TIME OF LATEST TRANSACTION | |
| control field | 20110718134506.0 |
| 008 - FIXED-LENGTH DATA ELEMENTS--GENERAL INFORMATION | |
| fixed length control field | 100401t xxu||||| |||| 00| 0 eng d |
| 020 ## - INTERNATIONAL STANDARD BOOK NUMBER | |
| International Standard Book Number | 9966001395 |
| 040 ## - CATALOGING SOURCE | |
| Original cataloging agency | NEGST Library - Kenya |
| Transcribing agency | NEGST Library - Kenya |
| Modifying agency | NEGST Library - Kenya |
| 050 14 - LIBRARY OF CONGRESS CALL NUMBER | |
| Classification number | BS 325.D54 |
| Item number | 2007 |
| 245 ## - TITLE STATEMENT | |
| Title | Chilagane Chiphya : |
| Remainder of title | Injili Takatifu. |
| 260 ## - PUBLICATION, DISTRIBUTION, ETC. (IMPRINT) | |
| Place of publication, distribution, etc | Nairobi, Kenya : |
| Name of publisher, distributor, etc | BTL(E.A.) in cooperation with the Bible League, |
| Date of publication, distribution, etc | c2007. |
| 300 ## - PHYSICAL DESCRIPTION | |
| Extent | 557 p : |
| Other physical details | 1 map ; |
| Dimensions | 22 cm. |
| 500 ## - GENERAL NOTE | |
| General note | T.p. verso: "The New Testament in the Digo language of Kenya." |
| 500 ## - GENERAL NOTE | |
| General note | [Africana]. |
| 630 ## - SUBJECT ADDED ENTRY--UNIFORM TITLE | |
| Uniform title | Bible. N.T. Digo. 2007. |
| 9 (RLIN) | 2862 |
| 650 ## - SUBJECT ADDED ENTRY--TOPICAL TERM | |
| Topical term or geographic name as entry element | Digo language |
| General subdivision | Texts. |
| 9 (RLIN) | 2863 |
| 942 ## - ADDED ENTRY ELEMENTS (KOHA) | |
| Source of classification or shelving scheme | Library of Congress Classification |
| Koha item type | Books |
| Withdrawn status | Lost status | Source of classification or shelving scheme | Damaged status | Not for loan | Collection code | Home library | Current library | Shelving location | Date acquired | Source of acquisition | Cost, normal purchase price | Full call number | Barcode | Date last seen | Price effective from | Koha item type |
|---|---|---|---|---|---|---|---|---|---|---|---|---|---|---|---|---|
| Library of Congress Classification | Reference | AIU/NEGST - Tony Wilmot Memorial Library | AIU/NEGST - Tony Wilmot Memorial Library | Reference | 04/01/2010 | Donation | 20.00 | REF BS 325.D54 2007 | R40779P3232 | 09/26/2019 | 04/01/2010 | Africana collection ( Reference) |
